Statistiques concernant Memes français #2

Cliquez ici pour prendre le quiz!

Statistiques générales

  • Ce quiz a été pris 1 065 fois
  • Le résultat moyen est 13 sur 20

Statistiques - réponses

QuestionsRéponses% Correct
En vrai la vérité, la vérité, la vrai vérité, je m'en bats les ..........couilles
95%
Ne t'inquiète pas ça va bien se ....... , ne t'inquiète paspasser
95%
Le rapport , le rapport quel est le .........rapport
95%
C'est de la poudre de .................Perlimpinpin
93%
Ptdr t'es .... ?qui
91%
Vous êtes des policiers républicains, la république c'est .... !!moi
75%
Coucou les .............. ,moi je mange la glacemusulmans
75%
Aie coup dur pour ............Guillaume
71%
Oh comme c'est ........... , oh alorsbizarre
70%
Oh merde, oh c'est .... çacon
69%
Comment ça pas mal les bzez apex , tu peux dire .......... avant d'arriverbonjour
66%
Faut pas acheter les habits fabriquer des gosses, parce les ........... tiennent pascoutures
66%
Personne ne me touche, ma personne est .......sacrée
60%
Bonsoir ça vas bien? tequila, ............. , pas le temps de niaiserheineken
59%
Grenades, grenades, attention grenades, attention les ......Jeunes
54%
Exactemment ouais, ouais t'es bien ........... toirenseigné
53%
Des 7, des 8 non mais t'es qui toi ? ,bah je suis ..........Pamela
47%
Pardon moi j'ai pas d' ...... monsieur Bourdinamis
45%
On vas niquer ce .....soir
24%
Mais Caroline mais enfin ça vas pas, mais c'est juste inssuportable, ..........arretez
7%

Distribution des résultats

Percentile par nombre de réponses

% des personnes avec chaque résultat

Votre développement - résultats

Vous n’avez pas pris ce quiz